00322pam a2200121a 44500008004100000020001800041082001300059100002400072245005000096250001200146260003200158300001000190230405s2016 xxu||||| |||| 00| 0 eng d a9789351529187 a617bBAS aBasavanthappa, B.T. aPractice Workbook of Community Health Nursing a3rd Ed. aNew DelhibJaypee Pubc2016 a226 p